ბათუმის შოთა რუსთაველის სახელმწიფო უნივერსიტეტის ბიბლიოთეკა

70 0000 კილომეტრი კოსმოსში (ბიბ.ჩანაწერი № 49952)

000 -LEADER
fixed length control field 00901nam a2200241Ia 4500
001 - CONTROL NUMBER
control field 16888
003 - CONTROL NUMBER IDENTIFIER
control field GE_BSU
008 - FIXED-LENGTH DATA ELEMENTS--GENERAL INFORMATION
fixed length control field 181216s||||||||xx |||||||||||||| ||und||
040 ## - CATALOGING SOURCE
Transcribing agency GE_BSU
080 ## - UNIVERSAL DECIMAL CLASSIFICATION NUMBER
Universal Decimal Classification number 908(47+57)+ 321(47+57):172 + 629.78(47+57)(092 ტიტოვი)
100 ## - MAIN ENTRY--PERSONAL NAME
Personal name ტიტოვი, გ.
245 ## - TITLE STATEMENT
Title 70 0000 კილომეტრი კოსმოსში
245 ## - TITLE STATEMENT
Statement of responsibility, etc. რედ.რ.ინანიშვილი.ილ.: შ.დოლიძე
260 ## - PUBLICATION, DISTRIBUTION, ETC.
Place of publication, distribution, etc. თბილისი
260 ## - PUBLICATION, DISTRIBUTION, ETC.
Name of publisher, distributor, etc. ნაკადული
260 ## - PUBLICATION, DISTRIBUTION, ETC.
Date of publication, distribution, etc. 1962
300 ## - PHYSICAL DESCRIPTION
Extent 158გვ. : პორტრ. ; 20სმ.
653 ## - INDEX TERM--UNCONTROLLED
Uncontrolled term 700000 კილომეტრი კოსმოსში
653 ## - INDEX TERM--UNCONTROLLED
Uncontrolled term ისტორია
653 ## - INDEX TERM--UNCONTROLLED
Uncontrolled term საბჭოთა კოსმონავტიკა;
653 ## - INDEX TERM--UNCONTROLLED
Uncontrolled term საბჭოთა პატრიოტიზმი
942 ## - ADDED ENTRY ELEMENTS (KOHA)
Koha item type წიგნი
ეგზემპლარები
Withdrawn status Lost status Damaged status Not for loan Date acquired Barcode Date last seen Price effective from Koha item type
        2018-12-17 21926 2018-12-17 2018-12-17 წიგნი